00488nam a2200193 a 4500001001300000003000900013005001700022008004100039020002300080082001300103100002200116245002100138260002400159300000800183500003500191505001900226650002700245700002200272nice12345678IN_TiNIC20260116012821.0050524s1988 gena grp 000 0 eng  a2825489 c10000a228bWEB aWeber, Hans Ruedi aWay of the Lamb. aGeneva bWCC c1988 a58p aincludes index and biblioraphy2 aAknowledgement aApocalyptic Literature1 aWeber, Hans Ruedi